Istruzioni religiose esposte in tavole sinottiche

Gespeichert in:
Bibliographische Detailangaben
Format: Buch
Sprache:Italienisch
Erschienen: Torino Tip. S. Giuseppe Degli Artigianelli 1911
Katalog:EDISCO:  Suchergebnis im Bibliothekskatalog
Schulbuchspezifische Eigenschaften:
Tags: Tag hinzufügen
Keine Tags, Fügen Sie den ersten Tag hinzu!
Hinzugefügt zu:30.04.2016
Geändert in:04.10.2017

MARC

LEADER 00000aam a22000007 4500
001 20560
003 OSt
005 20171004090445.0
008 160501s1911 it 000 0 ita
040 |c Paola Zonca - Torino - SBN 
041 1 |a ita 
245 0 0 |a Istruzioni religiose esposte in tavole sinottiche 
260 |a Torino  |b Tip. S. Giuseppe Degli Artigianelli  |c 1911 
300 |a 4. p. (143, ;  
901 |a 7 
942 |2 ddc  |c BK 
546 |a ita 
999 |c 20549  |d 20549 
999 |c edisco:20549  |d 20549